Sports Quiz

Random Sports or Baseball Quiz

World Series Starting Lineups (1980s) Quiz Stats

Quiz not verified by Sporcle

Challenge
Share
Tweet
Embed
Score 0/94 Timer 12:00
0 Plays Today
% Correct
Mike Schmidt
99.1%
Steve Carlton
96.3%
Larry Bowa
91.7%
Bob Boone
91.7%
Steve Garvey
91.7%
Ron Cey
91.7%
Lou Whitaker
91.7%
Alan Trammell
90.8%
Pete Rose
89.9%
George Brett
89.9%
Bret Saberhagen
89%
Ozzie Smith
88.1%
Cal Ripken
88.1%
Eddie Murray
88.1%
Gary Carter
88.1%
Keith Hernandez
86.2%
Steve Yeager
85.3%
Keith Hernandez
85.3%
Darryl Strawberry
85.3%
Kent Hrbek
83.5%
Manny Trillo
82.6%
Davey Lopes
82.6%
Bill Russell
82.6%
Willie McGee
82.6%
Chet Lemon
82.6%
Mookie Wilson
82.6%
Ron Darling
82.6%
Gary Gaetti
82.6%
Rick Dempsey
81.7%
Mark McGwire
81.7%
Frank White
80.7%
Kirby Puckett
80.7%
% Correct
Frank Viola
80.7%
Darrell Porter
79.8%
Lance Parrish
79.8%
Greg Luzinski
78.9%
Kirk Gibson
78.9%
Steve Sax
78.9%
Ken Oberkfell
78%
Ray Knight
78%
Jose Canseco
78%
Carney Lansford
77.1%
Terry Steinbach
77.1%
Garry Maddox
76.1%
Burt Hooten
76.1%
Rick Dempsey
75.2%
Lonnie Smith
75.2%
Willie Wilson
75.2%
Rickey Henderson
74.3%
Dusty Baker
73.4%
Joaquin Andujar
73.4%
Darrell Evans
73.4%
Greg Gagne
73.4%
Dan Gladden
72.5%
Walt Weiss
71.6%
Scott McGregor
70.6%
Tom Brunansky
70.6%
Tom Herr
69.7%
Dan Petry
69.7%
Lonnie Smith
68.8%
Jim Sundberg
68.8%
Al Bumbry
67.9%
Buddy Biancalana
67%
Dave Henderson
65.1%
% Correct
George Hendrick
63.3%
Steve Balboni
62.4%
Kevin Mitchell
62.4%
Bake McBride
61.5%
Rafael Santana
61.5%
Rick Monday
60.6%
Rich Dauer
60.6%
Tim Teufel
59.6%
Don Baylor
59.6%
Lonnie Smith
56.9%
Tony Phillips
56.9%
John Lowenstein
56%
Steve Lombardozzi
55%
Todd Cruz
54.1%
Darryl Motley
54.1%
Tim Laudner
52.3%
Mike Moore
52.3%
Larry Herndon
50.5%
Mike Marshall
49.5%
Alfredo Griffin
47.7%
Pedro Guerrero
45%
John Shelby
43.1%
Dane Iorg
41.3%
Dan Ford
41.3%
Franklin Stubbs
37.6%
Barbaro Garbey
34.9%
Mickey Hatcher
33.9%
Mike Davis
33.9%
Jeff Hamilton
32.1%
Marty Castillo
23.9%

You're not logged in!

Compare scores with friends on all Sporcle quizzes.
Sign Up with Email
OR
Log In

You Might Also Like...

Show Comments

Extras

Top Quizzes Today


Score Distribution

Your Account Isn't Verified!

In order to create a playlist on Sporcle, you need to verify the email address you used during registration. Go to your Sporcle Settings to finish the process.